Mystery Taylor Swift Song #34 - Statistics

General Stats
  • This quiz has been taken 1,042 times
    735 since last reset
  • The average score is 60 of 146
Answer Stats
Song % Correct
I
95%
a
92%
me
87%
you
87%
the
86%
to
85%
Speak Now
84%
be
80%
in
80%
and
74%
we
74%
your
74%
it
72%
back
71%
was
71%
When
71%
you're
71%
my
69%
on
69%
that
65%
if
64%
I'm
64%
this
64%
then
63%
Is
62%
like
62%
ever
61%
were
61%
by
59%
there
58%
But
57%
it's
57%
not
57%
now
56%
now?
56%
of
56%
know
55%
what
55%
Come
54%
for
54%
would
54%
here
53%
our
53%
said
53%
too
53%
all
52%
could
52%
Last
51%
just
50%
movie
50%
time
50%
see
49%
at
48%
how
48%
you'd
48%
I've
46%
night
46%
out
46%
say
46%
been
44%
'Cause
44%
had
44%
want
43%
I'd
41%
whoa
41%
If This Was a Movie
40%
Oh
40%
up
40%
knew
36%
them
36%
though
36%
you've
36%
sorry
35%
way
35%
down
34%
gone
34%
Stand
34%
wanna
34%
work
34%
rain
33%
still
33%
baby
32%
before
32%
about
31%
'bout
31%
came
31%
heart
31%
'til
30%
somehow
29%
waiting
29%
Even
28%
everything
27%
much
27%
nothing
27%
own
27%
remember
27%
take
27%
things
27%
door
26%
outside
26%
these
26%
we've
26%
front
25%
heard
25%
moving
25%
Thinking
25%
since
24%
thought
24%
through
24%
easy
23%
happen
23%
somewhere
23%
stood
23%
beating
22%
going
22%
gonna
22%
lose
22%
change
21%
happened
20%
memories
20%
fight
19%
friends
19%
laughing
19%
people
19%
street
19%
footsteps
18%
hall
18%
months
18%
Six
18%
Sounded
18%
stairs
18%
thousand
18%
arms
17%
chasing
17%
Flashback
17%
kind
17%
lately
17%
playing
17%
ending
16%
ending?
16%
Everyday
16%
Nothing's
16%
pacing
16%
reaching
16%
Maybe
15%
Locked
14%
No matching quizzes found
Score Distribution
Percent of People with Each Score
Percentile by Number Answered
Your Score History
You have not taken this quiz since the last reset